Catálogo de tipos que se emplean en la confección del periódico 'Hoja Oficial del Lunes'
Publicado:
[s.l., s.n., s.a.] :
Descripción Física:
[8] p. ; 23 cm
Materias:
Tipus d'impremta
MARC
| LEADER | 00000nam a2200000Ia 4500 | ||
|---|---|---|---|
| 001 | 11164 | ||
| 008 | 160829s9999 xx 000 0 cat d | ||
| 080 | |a RF-7-56 | ||
| 110 | |a Casa de Caritat (Barcelona, Catalunya) |9 52406 | ||
| 245 | |a Catálogo de tipos que se emplean en la confección del periódico 'Hoja Oficial del Lunes' | ||
| 260 | |a [s.l., s.n., s.a.] | ||
| 300 | |a [8] p. ; |c 23 cm | ||
| 650 | 0 | |a Tipus d'impremta |9 30279 | |
| 710 | |a Casa de Caritat (Barcelona, Catalunya) |9 52406 | ||
| 856 | 4 | |u https://media.diba.cat/diba/fitxers/arxiu/fulletons/bib_11164_baixa.pdf |y Accés lliure | |
| 856 | 4 | |u https://media.diba.cat/diba/fitxers/arxiu/fulletons/bib_11164_baixa.pdf |y Accés lliure | |
| 901 | |a Arxiu | ||
| 942 | |n 1 |2 udc | ||
| 952 | |0 0 |1 0 |4 0 |6 RF756 |7 1 |9 48274 |a Arxiu |b Arxiu |d 2016-12-01 |l 0 |o RF-7-56 |p 11164 |r 2016-12-01 00:00:00 |w 2016-12-01 |y ARXIU | ||
| 999 | |c 52080 |d 52080 | ||
| 900 | |a bib_11164_baixa.pdf | ||